000 00502nam a2200157 i 4500
001 73223
003 ES-MaACL
005 20230906171717.0
007 t|
008 040907s1928 sp ||||1| spa d
100 1 _aGómez García, Domingo Julio.
_957961
245 1 3 _aEl Concurso Nacional de Música de 1928
_b: como funciona un jurado /
_cDomingo Julio Gómez García.
260 _aMadrid :
_b[s.n.,
_c1928] (
_fImp. Clásica Española)
300 _a26 p. ;
_c24 cm.
852 _aES-MaACL
_j1726-F-18
999 _c73223
_d73223